000
00266nam a2200109Ia 4500
008
190914s9999||||xx |||||||||||||| ||und||
100
_a
Marc Farley
245
0
_a
Building Storage Networks
260
_a
New Delhi
_b
Addison - Wesley
_c
1994
300
_a
280
942
_c
BK
999
_c
9314
_d
9314